000 00545nam a22001697a 4500
003 OSt
005 20260225154357.0
008 260225b |||||||| |||| 00| 0 eng d
040 _cMRSPTU
041 _aEnglish
100 _aDinesh Kumar, Supervisor: Sunita Kotwal
245 _aUse of Rubber and Steel Industrial Waste For Improvement of Concrete Strength
260 _bDepartment of Civil Engg. MRSPTU, Bathinda
_c2018
650 _aCivil Engineering
856 _uhttp://163.47.215.52:8080/jspui/handle/123456789/337
942 _2ddc
_cTH
_n0
999 _c11011
_d11011